000 00368nam a2200157Ia 4500
008 160316s1990 xxu||||| |||| 00| 0 eng d
082 _a301.709540
_bDUB-4
100 _aDube S C
245 _aIndian Society
250 _a
260 _aNew Delhi
_bNational Book Trust
_c1990
300 _a131p
_b
_c
365 _bRs.27
650 _a1.Society - India
700 _a
_a
999 _c4439
_d4439